000 00600nam a2200193 4500
001 140216
003 ES-MaACL
005 20230906200032.0
007 t|
008 070214s1911 fr r ||||1| fre d
100 1 _aSegond, Joseph.
_9105135
245 1 0 _aCournot et la Psychologie vitaliste
_b: thèse complémentaire... /
_cpar J. Segond.
260 _aParis :
_bFélix Alcan,
_c1911.
300 _a169 p. ;
_c19 cm.
490 1 _aBibliotheque de Philosophie Contemporaine
830 0 _aBibliotheque de Philosophie Contemporaine
_9181027
852 _aES-MaACL
_jF-11626
999 _c140216
_d140216